Laufey Lyrics - Mr. Eclectic - Statistics

General Stats
  • This quiz has been taken 21 times
  • The average score is 111 of 123
Answer Stats
Lyrics % Correct
a
100%
and
100%
Eclectic
100%
Just
100%
just
100%
on
100%
so
100%
The
100%
the
100%
to
100%
to?
100%
were
100%
who
100%
you
100%
your
100%
you’re
100%
You’re
100%
Allan
93%
be
93%
Did
93%
ever
93%
foolish
93%
give
93%
me
93%
Mr.
93%
Oh,
93%
over
93%
Poe
93%
poser,
93%
stop
93%
talking
93%
Talking
93%
things
93%
think
93%
What
93%
wonder
93%
epics
86%
expert
86%
have
86%
men
86%
pathetic
86%
poetic
86%
quite
86%
Quoting
86%
said
86%
That
86%
told,
86%
Truth
86%
very
86%
Bet
79%
interesting
79%
patronizing
79%
some
79%
win
79%
ancient
71%
’bout
71%
composer
71%
dead
71%
my
71%
prose
71%
stoner
71%
woo
71%
around
64%
finger
64%
hair
64%
Twist
64%
mine
57%
of
57%
grandiose
50%
thinker
50%
No matching quizzes found
Score Distribution
Percent of People with Each Score
Percentile by Number Answered
Your Score History
You have not taken this quiz